000 00575nam a2200229Ia 4500
003 OSt
005 20220924144818.0
006 a|||||r|||| 00| 0
007 ta
008 220923b |||||||| |||| 00| 0 urd d
024 _a322168
037 _cTextual
040 _aARTS
_cARTS
_burd
041 _2urd
_aurd
082 _aR65,6, 168L0
100 _aAhmad Hasanuddin Tr.
_9218510
245 0 _aNaghmatul hait
260 _c1970
650 _aBHAGAVAD GITA
942 _hR65,6, 168L0
_cTEXL
_2CC
999 _c458379
_d458379